<?xml version="1.0" encoding="UTF-8"?>
<collection xmlns="http://www.loc.gov/MARC21/slim">
  <record>
    <leader>00000nam  2200000   4500</leader>
    <controlfield tag="001">INLIS000000000020730</controlfield>
    <controlfield tag="005">20250804105812</controlfield>
    <datafield tag="035" ind1="#" ind2="#">
      <subfield code="a">0010-0825000008</subfield>
    </datafield>
    <controlfield tag="007">ta</controlfield>
    <controlfield tag="008">250804################|##########|#|##</controlfield>
    <datafield tag="084" ind1="#" ind2="#">
      <subfield code="a">R 0012 PKP 2024</subfield>
    </datafield>
    <datafield tag="100" ind1=" " ind2="#">
      <subfield code="a">Harison Fadillah</subfield>
    </datafield>
    <datafield tag="245" ind1="1" ind2="#">
      <subfield code="a">Monitoring Layanan Berbasis Google Cloud Platform (Molasis GOCP) /</subfield>
      <subfield code="c">Harison Fadillah</subfield>
    </datafield>
    <datafield tag="260" ind1="#" ind2="#">
      <subfield code="a">Jakarta :</subfield>
      <subfield code="b">Pusbangkom Pimnas dan Manajerial ASN,</subfield>
      <subfield code="c">2024</subfield>
    </datafield>
    <datafield tag="300" ind1="#" ind2="#">
      <subfield code="a">35 hlm. ;</subfield>
      <subfield code="c">30 cm</subfield>
    </datafield>
    <datafield tag="650" ind1="#" ind2="4">
      <subfield code="a">Molasis GOCP</subfield>
    </datafield>
    <datafield tag="520" ind1="#" ind2="#">
      <subfield code="a">Monitoring layanan berbasis google cloud platform (molasis gocp) merupakan suatu gagasan perubahan untuk memudahkan stakeholder untuk mengakses kebutuhan layanan informasi dan data-data di Pusdiklat LPP TVRI, berupa Pelayanan Permintaan data terkait perencanaan kegiatan dan penyelenggaraan Diklat, data layanan administrasi, data alumni peserta diklat baik pegawai maupun masyarakat umum data LSP-P2, Arsip, dokumentasi kegiatan diklat, dokumen laporan serta kinerja nama yang dapat dimonitoring secara real time dan terintegrasi. Tujuan utamanya adalah untuk meningkatkan kinerja pelayanan dan merubah bisnis proses pelayanan di Pusdiklat yang sebelumnya berbasis manual dan terkesan pasif menjadi lebih aktif dengan memanfaatkan google cloud dan diintegrasikan dengan aplikasi linktree dan wesbsite. untuk mempermudah akses pelayanan demi memberikan pelayanan yang prima.</subfield>
    </datafield>
    <datafield tag="990" ind1="#" ind2="#">
      <subfield code="a">2024/1.2.4/A/0012</subfield>
    </datafield>
  </record>
</collection>
